000 00729nam a22001817a 4500
003 UA-OsUOA
001 17776
007 ta
008 20040325b un ||||| |||| 00| 0 ukr d
100 _aУсик С.
942 _cSA
040 _aUA-OsUOA
_cUA-OsUOA
_dUA-OsUOA
245 _aМайбутнє за кооперацією , - вважає Світлана Усик , перший заступник голови Сарненської райдержадміністрації
_b[Про роботу Сарнен. кооператорів]
300 _aС.1
955 _a0
773 0 _w0
_tРівненський кооператор
_dРівне
_d2004
_g№12/19 берез./
650 7 _aКраєзнавча робота
_2UDC
999 _c303944
_d303944